| 000 | 05174cam a2201141 a 4500 | ||
|---|---|---|---|
| 999 | _c57714 | ||
| 001 | 12141957 | ||
| 003 | LIBRIS | ||
| 005 | 20210429131802.0 | ||
| 008 | 110414s2011 sw a||||||||||000 0|swe| | ||
| 020 |
_a9789155257361 _qinb. |
||
| 035 | _a(Bo)479924 | ||
| 040 |
_aLGEN _dOg _dS _ea |
||
| 041 | _aswe | ||
| 082 | 0 | 4 |
_a641.5686 _222/swe |
| 084 |
_aQcaa _2kssb/8 |
||
| 084 |
_aQcae _2kssb/8 |
||
| 084 | _aMåltidsakademiens biblioteksstiftelse | ||
| 084 | _aMåltidslitteratur 2011 | ||
| 084 | _aKategori: Ceremoniella måltider | ||
| 100 | 1 |
_aWahlgren, Pernilla, _d1967- _0https://libris.kb.se/jgvz40524blg5h4#it |
|
| 245 | 1 | 0 |
_aPernillas jul / _cav Pernilla Wahlgren ; foto: Ulrika Pousette. |
| 264 | 1 |
_aSundbyberg : _bSemic, _c2011 |
|
| 264 | 3 | _aLettland | |
| 300 |
_a127, [1] s. _bfärgill. _c27 cm |
||
| 340 | _b27 cm | ||
| 541 | _5Gma | ||
| 541 | _5Og | ||
| 650 | 7 |
_aJulgodis _0https://id.kb.se/term/sao/Julgodis _2sao |
|
| 650 | 7 |
_aJulkakor _0https://id.kb.se/term/sao/Julkakor _2sao |
|
| 650 | 7 |
_aJulmat _0https://id.kb.se/term/sao/Julmat _2sao |
|
| 650 | 0 | _aChristmas cooking | |
| 700 | 1 |
_aPousette, Ulrika, _d1973- _4pht _0https://libris.kb.se/97mqxw0t23h9xtk#it |
|
| 887 |
_a{"@id":"k3wxjlxw2d2x2fp","modified":"2016-01-12T12:59:23+01:00","checksum":"100358380217"} _2librisxl |
||
| 887 |
_a{"@id":"sx52tczz1l2clxz","modified":"2016-01-25T12:46:29+01:00","checksum":"33993068568"} _2librisxl |
||
| 887 |
_a{"@id":"pt1n3trv55w8vrs","modified":"2014-04-01T11:53:13+02:00","checksum":"28068469443"} _2librisxl |
||
| 887 |
_a{"@id":"kpw7wt7q340txj6","modified":"2011-09-27T21:08:48+02:00","checksum":"25134203048"} _2librisxl |
||
| 887 |
_a{"@id":"hmt4c67n48qzvlf","modified":"2011-09-08T10:19:48+02:00","checksum":"42640248784"} _2librisxl |
||
| 887 |
_a{"@id":"fks6xlml59td999","modified":"2018-01-05T16:17:23+01:00","checksum":"37252758638"} _2librisxl |
||
| 887 |
_a{"@id":"mrz9kzbs1tg9jxk","modified":"2011-11-25T15:40:04+01:00","checksum":"26114605515"} _2librisxl |
||
| 887 |
_a{"@id":"x28ph0732wfn2sg","modified":"2012-08-27T12:46:07+02:00","checksum":"34929969191"} _2librisxl |
||
| 887 |
_a{"@id":"jnv6w2cp4lnhb74","modified":"2014-11-05T18:48:24+01:00","checksum":"25784170436"} _2librisxl |
||
| 887 |
_a{"@id":"x28kkgm335w5v28","modified":"2011-08-29T09:35:52+02:00","checksum":"33668402475"} _2librisxl |
||
| 887 |
_a{"@id":"z39mqkz4084lr41","modified":"2011-11-14T15:27:50+01:00","checksum":"12759607843"} _2librisxl |
||
| 887 |
_a{"@id":"chp1f9lj4zbtw4k","modified":"2011-12-13T15:50:20+01:00","checksum":"34775858330"} _2librisxl |
||
| 887 |
_a{"@id":"26dvd4b70lk1fmw","modified":"2012-12-14T10:30:58+01:00","checksum":"32357601106"} _2librisxl |
||
| 887 |
_a{"@id":"djq6sdjk5cmhg9q","modified":"2013-03-19T16:39:21+01:00","checksum":"28253852580"} _2librisxl |
||
| 887 |
_a{"@id":"7ck3pwjd2mmcph5","modified":"2013-08-12T14:27:41+02:00","checksum":"33796155100"} _2librisxl |
||
| 887 |
_a{"@id":"7ckwv06d1djrdwq","modified":"2011-11-01T08:44:05+01:00","checksum":"29451031930"} _2librisxl |
||
| 887 |
_a{"@id":"9fm37k8g5qtbmkf","modified":"2013-01-22T16:43:45+01:00","checksum":"30742946615"} _2librisxl |
||
| 942 |
_2z _cBOOK |
||